| 000 | 01464 a2200349 4500 | ||
|---|---|---|---|
| 001 | 200419992 | ||
| 003 | TR-AnTOB | ||
| 005 | 20240521150151.0 | ||
| 008 | 140801s tu 000 0 | ||
| 040 |
_aTR-AnTOB _beng _erda _cTR-AnTOB |
||
| 041 | 0 |
_atur _aeng |
|
| 050 | 0 | 0 |
_aDR45 _b.B35 2014 |
| 090 | _aDR45 .B35 2014 | ||
| 111 | 1 |
_aBalkan Ülkeleri İle Kamu Yönetiminde Etkinlik Ve Verimlilik Çalıştayı _d(2014 : _cAnkara) _9100328 |
|
| 245 | 1 | 0 |
_aBalkan ülkeleri ile kamu yönetiminde etkinlik ve verimlilik çalıştayı = _bworkshop on efficiency and effectiveness in public administration among Balkan countries / _cBaşbakanlık Uzmanları Derneği. |
| 246 | 1 | 3 | _aWorkshop final report |
| 246 | 1 | 3 | _aÇatıştay sonuç raporu |
| 264 | 1 |
_aAnkara : _bBaşbakanlık Uzmanları Derneği, _c2014. |
|
| 300 |
_a82 sayfa ; _c24 cm.+ CD |
||
| 336 |
_atext _2rdacontent |
||
| 337 |
_aunmediated _2rdamedia |
||
| 338 |
_avolume _2rdacarrier |
||
| 504 | _aIncludes bibliographical references and index. | ||
| 651 | 0 |
_aTürkiye _xİlişkiler _zBalkan Yarımadası _vKongreler _9100330 |
|
| 651 |
_aBalkan Yarımadası _xİlişkiler _zTürkiye _vKongreler _9100329 |
||
| 651 |
_aBalkan Peninsula _xHistory _vCongresses _969393 |
||
| 651 |
_aBalkan Peninsula _xRelations _zTurkey _vCongresses _988785 |
||
| 651 |
_aTurkey _xRelations _zBalkan Peninsula _vCongresses _988786 |
||
| 651 |
_aBalkan yarımadası _xTarih _vKongreler _969395 |
||
| 942 |
_cBK _2lcc |
||
| 999 |
_c200419992 _d37238 |
||